01004 2200301 4500001002100000005001500021035002000036007000300056008004100059020002200100082001600122084001800138100003600156245012400192250002600316300003800342650002300380700003500403700004800438264006800486336002100554337003000575338002300605040002200628090002000650850001200670990002000682INLIS00000000088028020230802112201 a0010-0723000651ta230724s2021 jkia a 000 1 ind d a978-602-437-777-904223a028.533 a028.533 MUS p0 aMustika Desi HarjaniePengarang10aPetualangan botol plastik /cMustika Desi Harjani; ilustrator, Ratra Adya Airawan; penyunting, Anita Astriawati Ningrum aCetakan Pertama, 2021 aiv, 20 halaman :bgambar ;c30 cm 4aBacaan kanak-kanak0 aRatra Adya AirawaneIlustrator0 aAnita Astriawati Ningrumd1984-ePenyunting31aJakarta Timur :bBadan Pengembangan dan Pembinaan Bahasa,c2021 2rdacontentateks 2rdamediaatanpa perantara 2rdacarrieravolume aYOPDYOGbinderda aK 028.533 MUS p aYOPDYOG a71010-PD/A.2023